Statistiken für Anatomie für Einsteiger (MC)

Klicken Sie hier um das Quiz zu spielen!

Allgemein

  • Dieses Quiz wurde 83 mal gespielt
  • Das Durchschnittsergebnis liegt bei 11 aus 20

Antwortstatistiken

FrageAntwort% Korrekt
Musculus biceps brachiiArm
99%
OculusKopf/Hals
80%
Musculus rectus abdominisRumpf
76%
Arteria Carotis CommunisKopf/Hals
72%
AppendixRumpf
72%
PatellaBein
71%
PankreasRumpf
63%
AmbossKopf/Hals
59%
KarpaltunnelArm
57%
Kardia/CorRumpf
57%
AdduktorenkanalBein
55%
Digitus manusArm
52%
Arteria thoracia internaRumpf
52%
SchildknorpelKopf/Hals
49%
Musculus levator labii superioris alaeque nasiKopf/Hals
49%
"Schürzenbindermuskel" (Musculus latissimus dorsi)Rumpf
49%
ErbsenbeinArm
32%
"Schollenmuskel" (Musculus soleus)Bein
32%
"Wächter der Jungfräulichkeit" (Musculus gracilis)Bein
25%
Loge-de-GuyonArm
21%

Verteilung der Resultate

Perzentil nach korrekt beantworteten Fragen

Anzahl Personen mit jedem Resultat

Ihre Resultats-Entwicklung

Sie haben dieses Quiz noch nicht gespielt